Statistiques concernant Frontières de l'Italie

Cliquez ici pour prendre le quiz!

Statistiques générales

  • Ce quiz a été pris 1,840 fois
  • Le résultat moyen est 5 sur 6

Statistiques - réponses

Pays % Correct
France
100%
Suisse
96%
Autriche
85%
Vatican
80%
Slovénie
79%
Saint-Marin
76%

Distribution des résultats

Percentile par nombre de réponses

% des personnes avec chaque résultat

Votre développement - résultats

Vous n’avez pas pris ce quiz